1178 1832 1379 1846 1579 1918 1232 1565 1168 1698 1077 1228 1479 1769 1692 1721 1918 1807 1296 1309 1349 1295 1494 1583 1288 1907 1037 1480 1868 1889 1297 1428 1161 1511 1887 1332 1047 1818 1487 1204 1682 1141 1246 1235 1870 1673 1734 1381 1335 1352 1714 1458 1312 1303 1676 1576 1619 1076 1339 1980 1437 1375 1753 1065 1650 1309 1102 1124 1042 1214 1935 1075 1508 1419 1465 1055 1050 1072 1187 1890 1555 1200 1967 1073 1751 1727 1078 1238 1955 1433 1055 1320 1919 1908 1530 1943 1997 1743 1466 BCNSPRNW ULIB Ver.6.0+V

เปลี่ยนเป็นภาษาไทย

Change to English
 แสดงรายละเอียดบรรณานุกรม
  กลับหน้าหลัก

Brief Record : Get Marc (ISO 2709) : E-mail record : QR code < ปิดหน้าต่าง
LEADER : 00000nam 2200000uu 4500
001    13399121314
003     ULIB
008    020711s2550 th a 000 0 tha d
020    9789749935194
090    นว.^bป338ป
100    ประภัสสร เสรกุล
245    ประตูสองบาน บานหนึ่งดึง บานหนึ่งผลัก/^cประภัสสร เสรกุล
250    พิมพ์ครั้งที่ 1
260    กรุงเทพฯ :^bอรุณ,^c2550
300    436 หน้า
945    ^p340^l0^i15040
999    ^aกัณชพร
รายการนี้ยังไม่มีแท็ก
คุณยังไม่ได้ล็อกอิน คุณสามารถมีกิจกรรมร่วมกับเว็บไซต์ได้ แต่ต้องล็อกอินก่อน ::
  ล็อกอิน

รายการสื่อสารสนเทศ

ลำดับที่ ประเภท เลขเรียก/บาร์โค้ด สถานที่ สถานะ
1. วิทยาศาสตร์การแพทย์ และสุขภาพ
วิทยาศาสตร์การแพทย์ และสุขภาพ
นว. ป338ป  
  Barcode: 15040
ห้องสมุดวิทยาเขตสวรรค์ประชารักษ์
►นวนิยาย
บนชั้น
  ขอยืม

BibComment


ยังไม่เคยถูกคอมเมนท์

คอมเมนท์ทรัพยากรรายการนี้
  คอมเมนท์: ประตูสองบาน บานหน..


 Copyright 2026. Bcnsprnw @Library